[Event "Litomysl 2008"]
[Site "?"]
[Date "2008.12.31"]
[Round "7.9"]
[White "Bujnoch, Radek"]
[Black "Sergeev, Vladimir"]
[Result "0-1"]
[WhiteElo "2233"]
[BlackElo "2519"]
[PlyCount "116"]
[EventDate "2008.12.26"]

1. e4 Nf6 2. e5 Nd5 3. d4 d6 4. Nf3 g6 5. Bc4 c6 6. O-O Bg7 7. Re1 O-O 8. exd6
Qxd6 9. c3 Bg4 10. h3 Bxf3 11. Qxf3 e6 12. Bg5 b5 13. Bxd5 cxd5 14. Qd3 b4 15.
Nd2 bxc3 16. Qxc3 Nc6 17. Nb3 a5 18. Be3 Rfc8 19. Qd2 a4 20. Nc5 Bxd4 21. Bxd4
Nxd4 22. Qxd4 Qxc5 23. Qf6 Ra7 24. h4 Qe7 25. Qf4 Rc4 26. Qb8+ Kg7 27. h5 Rac7
28. Rad1 Qg5 29. hxg6 hxg6 30. g3 Qf5 31. Qb6 Qf3 32. b3 Rc2 33. bxa4 R2c5 34.
Rd2 Rc1 35. Qb2+ Qc3 36. Qxc1 Qxc1 37. Rxc1 Rxc1+ 38. Kg2 Rc4 39. a5 Ra4 40.
Kf3 Ra3+ 41. Ke2 f5 42. Kd1 Kf6 43. Kc1 g5 44. Kb2 Rxa5 45. Kb3 g4 46. a4 Ke5
47. Kb4 Ra8 48. a5 d4 49. Kc4 Rc8+ 50. Kb5 Kd5 51. a6 Rb8+ 52. Ka5 e5 53. a7
Ra8 54. Kb6 e4 55. Kb7 Rxa7+ 56. Kxa7 d3 57. Kb6 Kc4 58. Ra2 Kc3 0-1

[Event "Litomysl 2008"]
[Site "?"]
[Date "2008.12.31"]
[Round "7.10"]
[White "Volodin, Viktor"]
[Black "Kulhanek, Tomas"]
[Result "0-1"]
[WhiteElo "2225"]
[BlackElo "2409"]
[PlyCount "64"]
[EventDate "2008.12.26"]

1. Nf3 b5 2. d4 Bb7 3. e3 a6 4. c3 e6 5. a4 b4 6. c4 a5 7. Bd3 Nf6 8. Nbd2 d5
9. cxd5 exd5 10. Qc2 Bd6 11. O-O O-O 12. Nb3 Ba6 13. Bxa6 Rxa6 14. Qd3 Re8 15.
Bd2 Ne4 16. Rfc1 c6 17. Rc2 Ra7 18. Rac1 Rc7 19. Nc5 Bxc5 20. dxc5 Re6 21. Be1
Rh6 22. Qd4 Nd7 23. g3 Qe7 24. Kg2 Qe6 25. Ng1 Ne5 26. f3 Ng5 27. f4 Rxh2+ 28.
Kxh2 Nef3+ 29. Nxf3 Qh3+ 30. Kg1 Nxf3+ 31. Kf2 Nxd4 32. exd4 f5 0-1

[Event "Litomysl 2008"]
[Site "?"]
[Date "2008.12.31"]
[Round "7.11"]
[White "Fuchs, Georg"]
[Black "Stachowiak, Kamil"]
[Result "1-0"]
[WhiteElo "2210"]
[BlackElo "2351"]
[PlyCount "75"]
[EventDate "2008.12.26"]

1. e4 c5 2. Nf3 Nc6 3. d4 cxd4 4. Nxd4 g6 5. c4 Bg7 6. Be3 Nf6 7. Nc3 O-O 8.
Be2 d6 9. O-O Bd7 10. Rc1 Nxd4 11. Bxd4 Bc6 12. Bf3 Qa5 13. a3 a6 14. b4 Qd8
15. b5 axb5 16. cxb5 Bd7 17. a4 e5 18. Be3 Be6 19. Qd2 Ne8 20. Qb2 Qd7 21. Rfd1
f5 22. Qb4 f4 23. Bb6 g5 24. Nd5 g4 25. Be2 f3 26. Bf1 fxg2 27. Be2 Bh6 28. Nc7
Nxc7 29. Rxc7 Qe8 30. Rxd6 Bf4 31. Be3 Bxh2+ 32. Kxg2 Qh5 33. Kf1 Bf4 34. Ke1
Rad8 35. Bxf4 exf4 36. Rxe6 Qh1+ 37. Bf1 g3 38. Rg6+ 1-0

[Event "Litomysl 2008"]
[Site "?"]
[Date "2008.12.31"]
[Round "7.12"]
[White "Konstacky, Matej"]
[Black "Jedlicka, Ales"]
[Result "0-1"]
[WhiteElo "2133"]
[BlackElo "2287"]
[PlyCount "96"]
[EventDate "2008.12.26"]

1. Nf3 Nf6 2. g3 c5 3. Bg2 g6 4. O-O Bg7 5. c4 O-O 6. Nc3 Nc6 7. d3 h6 8. h3 e5
9. e4 d6 10. Be3 Nd4 11. Ne1 Ne8 12. Nd5 f5 13. f4 Nc7 14. Nxc7 Qxc7 15. Qd2
fxe4 16. dxe4 Be6 17. Rc1 Qd7 18. Kh2 b5 19. b3 bxc4 20. bxc4 Rab8 21. Nd3 exf4
22. Nxf4 g5 23. Nxe6 Qxe6 24. Rxf8+ Rxf8 25. Qd1 Kh7 26. Bxd4 Bxd4 27. Qd3 Be5
28. Bf3 h5 29. Rf1 h4 30. Bg4 hxg3+ 31. Kg2 Qe7 32. Rxf8 Qxf8 33. Bf5+ Kg7 34.
Qd5 Qb8 35. Qd2 Bf4 36. Qc3+ Kf7 37. Qa3 Qb4 38. Qxb4 cxb4 39. Bd7 Kf6 40. Kf3
Ke5 41. Ba4 Kd4 42. Bb3 Be5 43. Kg2 Kxe4 44. Bc2+ Kd4 45. Bb3 a5 46. Kf3 Kc3
47. Ke3 Kb2 48. Ke2 Ka3 0-1

[Event "Litomysl 2008"]
[Site "?"]
[Date "2008.12.31"]
[Round "7.13"]
[White "Vrana, Jan"]
[Black "Bronowicki, Mateusz"]
[Result "*"]
[WhiteElo "2219"]
[BlackElo "2366"]
[PlyCount "78"]
[EventDate "2008.12.26"]

1. e4 e6 2. d4 d5 3. Nd2 Nf6 4. e5 Nfd7 5. Bd3 c5 6. c3 Nc6 7. Ne2 cxd4 8. cxd4
f6 9. exf6 Qxf6 10. Nf3 h6 11. O-O Bd6 12. Ng3 O-O 13. Bc2 Rd8 14. Re1 Nf8 15.
Ne5 Bd7 16. f4 Rac8 17. Be3 Be8 18. Rc1 Rc7 19. Rf1 Rdc8 20. Bb1 Qh4 21. Qd2
Bb4 22. Qf2 Nxe5 23. Rxc7 Rxc7 24. dxe5 b6 25. a3 Bc5 26. Bxc5 bxc5 27. f5 exf5
28. Nxf5 Qxf2+ 29. Rxf2 Bg6 30. g4 Bxf5 31. gxf5 Nd7 32. Re2 Kf8 33. Kf2 c4 34.
Kf3 d4 35. Kf4 Nc5 36. Be4 d3 37. Rd2 Rd7 38. Ke3 Nb3 39. Rd1 Rc7 *

[Event "Litomysl 2008"]
[Site "?"]
[Date "2008.12.31"]
[Round "7.14"]
[White "Krondraf, Karel"]
[Black "Sabol, Marian"]
[Result "0-1"]
[WhiteElo "2214"]
[BlackElo "2354"]
[PlyCount "70"]
[EventDate "2008.12.26"]

1. e4 g6 2. d4 Nf6 3. Nc3 d5 4. e5 Nh5 5. h3 Ng7 6. Nf3 c6 7. Be2 b6 8. Bf4 Na6
9. Qd2 Nc7 10. g4 h5 11. Rg1 Be6 12. Be3 Qd7 13. Ng5 O-O-O 14. O-O-O hxg4 15.
Bxg4 Bxg4 16. hxg4 Qe8 17. f4 f5 18. Rh1 Rxh1 19. Rxh1 fxg4 20. Qg2 Nf5 21.
Qxg4 e6 22. Bf2 c5 23. Nf3 cxd4 24. Bxd4 Bc5 25. Bxc5 bxc5 26. Nh4 d4 27. Ne4
Qa4 28. Kb1 c4 29. c3 Ne3 30. Qe2 d3 31. Qd2 Qc2+ 32. Ka1 Rh8 33. Qxe3 Rxh4 34.
Rc1 d2 35. Rxc2 Rh1+ 0-1

[Event "Litomysl 2008"]
[Site "?"]
[Date "2008.12.31"]
[Round "7.16"]
[White "Cuhra, Martin"]
[Black "Skliba, Martin"]
[Result "1-0"]
[WhiteElo "2168"]
[BlackElo "2318"]
[PlyCount "61"]
[EventDate "2008.12.26"]

1. e4 c5 2. Nf3 e6 3. d4 cxd4 4. Nxd4 a6 5. Bd3 Bc5 6. Nb3 Be7 7. O-O Nc6 8. c4
Nf6 9. Nc3 d6 10. f4 b6 11. Qf3 Bb7 12. Be3 O-O 13. Rac1 Nd7 14. Bb1 g6 15. a3
Nc5 16. Nd2 a5 17. Rcd1 Rb8 18. Qh3 Re8 19. Nf3 Ba6 20. Nb5 f5 21. Ng5 Bxg5 22.
Rxd6 Qc8 23. fxg5 Ne5 24. b4 axb4 25. axb4 Nxe4 26. Bxe4 Qxc4 27. Bd3 Nxd3 28.
Rd7 h5 29. gxh6 Bxb5 30. Qg3 Ne5 31. h7+ 1-0

[Event "Litomysl 2008"]
[Site "?"]
[Date "2008.12.31"]
[Round "7.18"]
[White "Svoboda, Vaclav"]
[Black "Pokorny, Petr"]
[Result "1/2-1/2"]
[WhiteElo "2277"]
[BlackElo "2199"]
[PlyCount "51"]
[EventDate "2008.12.26"]

1. e4 e5 2. Nf3 Nf6 3. Nxe5 d6 4. Nf3 Nxe4 5. Bd3 Nf6 6. c3 Bg4 7. O-O Be7 8.
Bc2 O-O 9. d4 c6 10. Re1 Re8 11. Nbd2 Nbd7 12. Nf1 Qa5 13. Ne3 Bh5 14. Nf5 Bf8
15. Rxe8 Rxe8 16. Bf4 Qd5 17. Qd3 Bxf3 18. gxf3 Qe6 19. Ng3 g6 20. Bd2 Qh3 21.
Qf1 Qxf1+ 22. Kxf1 Nd5 23. Re1 Rxe1+ 24. Kxe1 Nc7 25. Ke2 Ne6 26. Bd3 1/2-1/2

[Event "Litomysl 2008"]
[Site "?"]
[Date "2008.12.31"]
[Round "7.20"]
[White "Bures, Jaroslav"]
[Black "Lorenc, Oldrich"]
[Result "1-0"]
[WhiteElo "2263"]
[BlackElo "2106"]
[PlyCount "101"]
[EventDate "2008.12.26"]

1. e4 g6 2. d4 Bg7 3. c3 d6 4. Nf3 Nf6 5. Bd3 O-O 6. O-O Bg4 7. Nbd2 c6 8. h3
Bxf3 9. Nxf3 Nbd7 10. Be3 Qc7 11. Qb3 e5 12. a4 c5 13. dxe5 Nxe5 14. Nxe5 dxe5
15. f3 Rad8 16. Bc4 Nh5 17. Rfd1 b6 18. a5 bxa5 19. Qa3 Nf4 20. g3 Ne6 21. Rd5
Qb6 22. b3 Rc8 23. Qxa5 Rc7 24. Qxb6 axb6 25. Rd6 Rb8 26. Bxe6 fxe6 27. Rxe6
Rd7 28. Ra6 Rd3 29. Kf2 Rxc3 30. Rexb6 Rc2+ 31. Ke1 Rf8 32. f4 c4 33. b4 Rb2
34. Rb7 exf4 35. Rxg7+ Kxg7 36. Bd4+ Kh6 37. Bxb2 fxg3 38. Rf6 Rd8 39. Rf3 g2
40. Rg3 Rd3 41. Rxg2 Rxh3 42. Bc1+ Kg7 43. Rc2 c3 44. Rxc3 Rh4 45. Re3 Kf6 46.
b5 Ke6 47. b6 Kd7 48. b7 Kc7 49. e5 Rh1+ 50. Kd2 h5 51. e6 1-0

[Event "Litomysl 2008"]
[Site "?"]
[Date "2008.12.31"]
[Round "7.21"]
[White "Zvarik, Martin"]
[Black "Lercel, Michal"]
[Result "1/2-1/2"]
[WhiteElo "2228"]
[BlackElo "2172"]
[PlyCount "112"]
[EventDate "2008.12.26"]

1. e4 d5 2. exd5 Nf6 3. c4 e6 4. d4 exd5 5. Nc3 Be7 6. Be2 dxc4 7. Nf3 O-O 8.
Ne5 Nc6 9. Nxc6 bxc6 10. O-O Be6 11. Re1 Rb8 12. Qa4 Qd6 13. g3 Nd5 14. a3 Nb6
15. Qa5 Bd5 16. Nxd5 cxd5 17. Bf4 Qd7 18. Bg4 Qxg4 19. Rxe7 Nc8 20. Rxc7 Rxb2
21. Qxd5 Nb6 22. Qc5 Qf3 23. Rf1 h5 24. Bc1 h4 25. Qc6 Qxc6 26. Rxc6 Ra2 27.
gxh4 Rd8 28. Rd1 Ra1 29. Kg2 Na4 30. d5 Nc3 31. Rf1 Na2 32. Bg5 Rxf1 33. Bxd8
Rd1 34. Rxc4 Rxd5 35. Bc7 Rd3 36. a4 Rc3 37. Rxc3 Nxc3 38. a5 Nb5 39. Bf4 Nd4
40. Be3 Nc6 41. Bd2 Kf8 42. Kf3 Ke7 43. Bc3 Ke6 44. h5 f6 45. Ke4 Kd6 46. Bxf6
gxf6 47. h6 Ne5 48. h7 Nf7 49. Kf5 Ke7 50. Kg6 Nh8+ 51. Kg7 f5 52. f4 a6 53. h4
Ke6 54. h5 Ke7 55. Kxh8 Kf8 56. h6 Kf7 1/2-1/2

[Event "Litomysl 2008"]
[Site "?"]
[Date "2008.12.31"]
[Round "7.22"]
[White "Blazkova, Petra"]
[Black "Cagara, Paulina"]
[Result "1-0"]
[WhiteElo "2224"]
[BlackElo "2075"]
[PlyCount "92"]
[EventDate "2008.12.26"]

1. e4 c6 2. c4 d5 3. cxd5 cxd5 4. exd5 Qxd5 5. Nc3 Qd6 6. Nf3 Nf6 7. d4 e6 8.
Bd3 Be7 9. O-O Nc6 10. Nb5 Qd8 11. Bf4 Nd5 12. Bg3 O-O 13. Nc3 f5 14. Nxd5 Qxd5
15. Be5 Bf6 16. Re1 Nxd4 17. Bxd4 Bxd4 18. Nxd4 Qxd4 19. Qb3 Qb6 20. Qxb6 axb6
21. Bb5 Kf7 22. a4 Rd8 23. Rad1 Rxd1 24. Rxd1 Ke7 25. f4 e5 26. fxe5 Be6 27.
Rd6 Rd8 28. Rxb6 Bc8 29. Be2 Rd4 30. b3 Kd7 31. Bf3 Kc7 32. Rb5 b6 33. a5 bxa5
34. Rxa5 Kb6 35. Ra8 Rd8 36. h4 g6 37. Kh2 Re8 38. Kg3 h6 39. Kf4 Kc5 40. Bb7
Bd7 41. Rxe8 Bxe8 42. h5 Kb4 43. hxg6 Bxg6 44. Bd5 Kc5 45. Be6 Kb4 46. Bxf5 Bf7
1-0

[Event "Litomysl 2008"]
[Site "?"]
[Date "2008.12.31"]
[Round "7.23"]
[White "Blecha, Miroslav"]
[Black "Kratochvil, Josef"]
[Result "0-1"]
[WhiteElo "2219"]
[BlackElo "2071"]
[PlyCount "128"]
[EventDate "2008.12.26"]

1. e4 c5 2. Nf3 d6 3. d4 cxd4 4. Nxd4 Nf6 5. Nc3 g6 6. Be3 Bg7 7. f3 Nc6 8. Qd2
O-O 9. Bc4 Bd7 10. O-O-O Qa5 11. Bb3 Rfc8 12. Kb1 Ne5 13. h4 Nc4 14. Bxc4 Rxc4
15. Nb3 Qc7 16. g4 Rc8 17. e5 Rxc3 18. bxc3 Ne8 19. exd6 Nxd6 20. Bd4 Nc4 21.
Qc1 e5 22. Bf2 Bf8 23. Ka1 Ba3 24. Qg5 Bb2+ 25. Kb1 Bxc3 26. Bc5 Ba4 27. Qe7
Qxe7 28. Bxe7 Bxb3 29. axb3 Nd2+ 30. Kc1 Nxf3 31. Rd8+ Rxd8 32. Bxd8 f5 33.
gxf5 gxf5 34. Bg5 Kf7 35. Rh3 e4 36. h5 Be5 37. Be3 b6 38. c4 f4 39. Bd2 Ng5
40. Rh1 e3 41. Be1 f3 42. Bh4 Ne4 43. Rh3 Nd2 44. Rh1 Ke6 45. Be1 Nxb3+ 46. Kc2
Nc5 47. Rf1 f2 48. Bxf2 exf2 49. Rxf2 Nd7 50. Rf1 Nf6 51. Rh1 Kf5 52. Kd3 Kg5
53. Re1 Kf5 54. Rh1 a5 55. Rb1 Nd7 56. Rf1+ Ke6 57. Rb1 Bd6 58. Re1+ Ne5+ 59.
Kc2 a4 60. Ra1 a3 61. Kb3 Bc5 62. Rf1 Ng4 63. Rf4 Nf6 64. h6 Kf7 0-1

[Event "Litomysl 2008"]
[Site "?"]
[Date "2008.12.31"]
[Round "7.25"]
[White "Chlost, Marlena"]
[Black "Vlcek, Marek"]
[Result "1-0"]
[WhiteElo "2137"]
[BlackElo "1994"]
[PlyCount "57"]
[EventDate "2008.12.26"]

1. e4 d5 2. exd5 Nf6 3. Nf3 Nxd5 4. d4 g6 5. c4 Nb6 6. a4 Bg7 7. a5 N6d7 8. Nc3
O-O 9. Bg5 h6 10. Bf4 Re8 11. Be2 a6 12. Nd5 e5 13. dxe5 Nxe5 14. Nxe5 Bxe5 15.
Bxh6 Bxb2 16. O-O Nc6 17. Ra2 Be5 18. f4 Bd4+ 19. Kh1 Be6 20. Rd2 Bxd5 21. cxd5
Rxe2 22. Qxe2 Qxd5 23. f5 Qe5 24. Qg4 Re8 25. fxg6 f5 26. Qh5 Qf6 27. Rdd1 Re6
28. Rxf5 Qxg6 29. Rg5 1-0

[Event "Litomysl 2008"]
[Site "?"]
[Date "2008.12.31"]
[Round "7.27"]
[White "Nytrova, Adela"]
[Black "Gruber, Michael"]
[Result "0-1"]
[WhiteElo "1838"]
[BlackElo "2113"]
[PlyCount "64"]
[EventDate "2008.12.26"]

1. e4 e5 2. Nf3 Nc6 3. Bb5 a6 4. Ba4 Nf6 5. O-O Be7 6. Re1 b5 7. Bb3 d6 8. c3
O-O 9. d4 Bg4 10. Be3 Re8 11. Nbd2 Bf8 12. h3 Bh5 13. g4 Bg6 14. Bg5 Na5 15.
Bc2 c5 16. d5 Be7 17. Nf1 Nc4 18. Qb1 h6 19. Bh4 Nxd5 20. exd5 Bxh4 21. Bxg6
fxg6 22. Qc2 Rf8 23. Kg2 Qf6 24. N1h2 Bg5 25. Rad1 Bf4 26. Rf1 Rae8 27. b3 Nb6
28. Qe4 c4 29. g5 Bxg5 30. Ng4 Qf5 31. Qe2 Rc8 32. b4 Na4 0-1

[Event "Litomysl 2008"]
[Site "?"]
[Date "2008.12.31"]
[Round "7.28"]
[White "Olsarova, Tereza"]
[Black "Cizinsky, Petr"]
[Result "1-0"]
[WhiteElo "2108"]
[BlackElo "1937"]
[PlyCount "49"]
[EventDate "2008.12.26"]

1. e4 c5 2. Nf3 d6 3. d4 cxd4 4. Nxd4 Nf6 5. Nc3 a6 6. Bc4 e6 7. Bb3 Nbd7 8. f4
Nc5 9. e5 dxe5 10. fxe5 Nxb3 11. axb3 Nd7 12. Bf4 Bc5 13. Ne4 Qb6 14. Nxc5 Qxc5
15. O-O Nxe5 16. b4 Qd5 17. Ra5 Qc4 18. Bxe5 f6 19. Bd6 b6 20. Rh5 Kf7 21. b3
Qc3 22. Rh3 Qb2 23. Qh5+ g6 24. Rxf6+ Ke8 25. Qe5 1-0

[Event "Litomysl 2008"]
[Site "?"]
[Date "2008.12.31"]
[Round "7.29"]
[White "Krupa, Krzysztof"]
[Black "Prachar, Josef"]
[Result "1-0"]
[WhiteElo "2106"]
[BlackElo "1905"]
[PlyCount "63"]
[EventDate "2008.12.26"]

1. e4 c5 2. d4 cxd4 3. c3 dxc3 4. Nxc3 Nc6 5. Bc4 e6 6. Nf3 Qc7 7. O-O Nf6 8.
Nb5 Qb8 9. e5 Ng4 10. Nd6+ Bxd6 11. exd6 b5 12. Bb3 Bb7 13. Re1 O-O 14. h3 Nf6
15. Bg5 Kh8 16. Qd3 Ng8 17. Rac1 f5 18. Be7 Re8 19. Bh4 Rf8 20. Qxb5 Nf6 21.
Ne5 Nd4 22. Qb4 Nxb3 23. Qxb3 Bd5 24. Qxb8 Rfxb8 25. Bxf6 gxf6 26. Nxd7 Rxb2
27. Nxf6 Kg7 28. Nxd5 exd5 29. Rc7+ Kg6 30. Re6+ Kg5 31. Rg7+ Kf4 32. g3+ 1-0

[Event "Litomysl 2008"]
[Site "?"]
[Date "2008.12.31"]
[Round "7.32"]
[White "Pekar, Vaclav"]
[Black "Kastner, Oldrich"]
[Result "1/2-1/2"]
[WhiteElo "1964"]
[BlackElo "2145"]
[PlyCount "39"]
[EventDate "2008.12.26"]

1. e3 c5 2. Nf3 Nf6 3. d4 d5 4. dxc5 Qa5+ 5. Nbd2 e6 6. Bd3 Nbd7 7. O-O Nxc5 8.
Be2 b5 9. c3 Qb6 10. b3 Nce4 11. Nxe4 Nxe4 12. Qd3 Bd7 13. c4 Nc5 14. Qd4 dxc4
15. bxc4 b4 16. Ne5 Ba4 17. Bh5 g6 18. Qf4 f5 19. Bb2 Rg8 20. Bf3 1/2-1/2

[Event "Litomysl 2008"]
[Site "?"]
[Date "2008.12.31"]
[Round "7.33"]
[White "Trhal, Tomas"]
[Black "Zeman, Arnost"]
[Result "0-1"]
[WhiteElo "2091"]
[BlackElo "2030"]
[PlyCount "90"]
[EventDate "2008.12.26"]

1. e4 e6 2. d4 d5 3. e5 c5 4. c3 Qb6 5. a3 Bd7 6. Nf3 Bb5 7. Bd3 Bxd3 8. Qxd3
c4 9. Qc2 Nc6 10. Bf4 Nge7 11. Nbd2 Rc8 12. O-O h5 13. Nh4 Qc7 14. g3 Qd7 15.
Ndf3 g6 16. Qd2 Ng8 17. Bg5 Bg7 18. Qf4 Nce7 19. Rfe1 Bh6 20. Re3 Kf8 21. Rae1
Nf5 22. Nxf5 gxf5 23. Nh4 Bxg5 24. Qxg5 Qe7 25. Qf4 Nh6 26. h3 Kg7 27. Ng2 Rcg8
28. Qf3 Kf8 29. Kf1 Qg5 30. h4 Qd8 31. Nf4 Ng4 32. Kg2 Nxe3+ 33. Qxe3 Qxh4 34.
b3 b5 35. bxc4 bxc4 36. Rb1 Qd8 37. Rb7 Qa8 38. Rd7 Ke8 39. Rd6 Ke7 40. Qf3 Rd8
41. Nxh5 Rxd6 42. exd6+ Kxd6 43. Nf4 Qb8 44. Qe3 Kd7 45. Qe2 Qb1 0-1

[Event "Litomysl 2008"]
[Site "?"]
[Date "2008.12.31"]
[Round "7.37"]
[White "Nieland, Klaus"]
[Black "Ruzicka, Milan"]
[Result "0-1"]
[WhiteElo "1863"]
[BlackElo "2074"]
[PlyCount "54"]
[EventDate "2008.12.26"]

1. c4 Nf6 2. d4 e6 3. Nf3 d5 4. Bg5 Be7 5. e3 O-O 6. Nc3 Nbd7 7. Be2 c6 8. O-O
h6 9. Bh4 Nh5 10. Bxe7 Qxe7 11. Nd2 Nhf6 12. c5 e5 13. b4 Re8 14. Qc2 e4 15. a4
Nf8 16. b5 Ng6 17. Rfe1 Nh4 18. a5 Ng4 19. h3 Nxe3 20. fxe3 Qg5 21. Bf1 Bxh3
22. Ndxe4 dxe4 23. Nxe4 Qg6 24. Kh2 Bf5 25. Qf2 Rxe4 26. g3 Qg5 27. gxh4 Rxh4+
0-1

[Event "Litomysl 2008"]
[Site "?"]
[Date "2008.12.31"]
[Round "7.39"]
[White "Aron, Oto"]
[Black "Pukl, Rostislav"]
[Result "0-1"]
[WhiteElo "1766"]
[BlackElo "1971"]
[PlyCount "44"]
[EventDate "2008.12.26"]

1. e4 e5 2. Nf3 Nc6 3. Bc4 Nf6 4. d3 Bc5 5. c3 d6 6. b4 Bb6 7. Qb3 O-O 8. Ng5
Qe7 9. a4 a6 10. O-O h6 11. Nf3 Nh5 12. a5 Ba7 13. Bb2 Nf4 14. b5 axb5 15. Bxb5
Qf6 16. Bc1 Nh3+ 17. gxh3 Qxf3 18. Nd2 Qf6 19. Kg2 Qg5+ 20. Kh1 Bxh3 21. Rg1
Qf4 22. Qd1 Bxf2 0-1

[Event "Litomysl 2008"]
[Site "?"]
[Date "2009.01.01"]
[Round "8.1"]
[White "Cernousek, Lukas"]
[Black "Vavra, Pavel"]
[Result "1/2-1/2"]
[WhiteElo "2435"]
[BlackElo "2299"]
[PlyCount "53"]
[EventDate "2008.12.26"]

1. d4 d5 2. c4 c6 3. e3 Nf6 4. Nf3 g6 5. Nc3 Bg7 6. Bd3 O-O 7. O-O Be6 8. b3 c5
9. Bb2 cxd4 10. Nxd4 Bg4 11. f3 e5 12. fxg4 exd4 13. exd4 Nc6 14. g5 Nh5 15.
Nxd5 Qxg5 16. Be2 Rae8 17. Bxh5 gxh5 18. Nf4 h4 19. Qh5 h6 20. Qxg5 hxg5 21.
Nh5 Re2 22. Nxg7 Rxb2 23. Nf5 Re8 24. Rf2 Rxf2 25. Kxf2 Re4 26. d5 Rf4+ 27. Ke2
1/2-1/2

[Event "Litomysl 2008"]
[Site "?"]
[Date "2009.01.01"]
[Round "8.2"]
[White "Heberla, Bartlomiej"]
[Black "Zeberski, Jakub"]
[Result "1-0"]
[WhiteElo "2485"]
[BlackElo "2398"]
[PlyCount "89"]
[EventDate "2008.12.26"]

1. d4 d5 2. c4 e6 3. Nc3 Nf6 4. cxd5 exd5 5. Bg5 Be7 6. e3 c6 7. Bd3 Nbd7 8.
Qc2 O-O 9. Nge2 Re8 10. O-O-O Nf8 11. h3 Be6 12. Kb1 Ne4 13. Bxe7 Nxc3+ 14.
Nxc3 Qxe7 15. f4 f6 16. g4 Bf7 17. Rde1 Rac8 18. Qd2 b6 19. h4 c5 20. g5 c4 21.
Bc2 Qd6 22. h5 a6 23. g6 hxg6 24. hxg6 Bxg6 25. f5 Bh7 26. Qg2 Rcd8 27. Rh3 Re7
28. Rg1 b5 29. a3 a5 30. Rg3 Rdd7 31. Nxb5 Qb6 32. Nc3 Qb7 33. Ka1 Kh8 34. Rh1
Kg8 35. Rgh3 Rd8 36. Qh2 Rb8 37. Na4 Kf7 38. Rxh7 Nxh7 39. Qxh7 Rxe3 40. Rg1
Rg8 41. Nc5 Qb8 42. Ne6 Rg3 43. Qh5+ Ke7 44. Re1 Kd6 45. Nc5 1-0

[Event "Litomysl 2008"]
[Site "?"]
[Date "2009.01.01"]
[Round "8.3"]
[White "Simacek, Pavel"]
[Black "Plat, Vojtech"]
[Result "1/2-1/2"]
[WhiteElo "2477"]
[BlackElo "2411"]
[PlyCount "133"]
[EventDate "2008.12.26"]

1. d4 Nf6 2. Nf3 g6 3. g3 Bg7 4. Bg2 O-O 5. O-O d6 6. c4 c5 7. d5 b5 8. cxb5 a6
9. b6 Bb7 10. Nc3 Nbd7 11. e4 Nxb6 12. Re1 Rb8 13. a4 Nc4 14. a5 Bc8 15. Qe2
Nxa5 16. e5 Ng4 17. Bf4 Nb3 18. Rad1 Nd4 19. Nxd4 cxd4 20. exd6 exd6 21. Ne4 d3
22. Qxd3 Rxb2 23. Qa3 Bf5 24. Nxd6 Qb6 25. Be3 Nxe3 26. Rxe3 Bc2 27. Rde1 Bb3
28. Nc8 Qf6 29. Bf3 Bc4 30. Qc5 Bb5 31. Ne7+ Kh8 32. Nc6 h6 33. Kg2 Rd2 34. Rd1
Rxd1 35. Bxd1 Rc8 36. Bg4 Rc7 37. Bf3 Qa1 38. Be2 Bxc6 39. dxc6 Qd4 40. Qc2 Qd6
41. Re8+ Kh7 42. Bf3 a5 43. h4 h5 44. Ra8 Qb4 45. Bxh5 Qc3 46. Qxc3 Bxc3 47.
Bf3 Kg7 48. Bd5 Bb4 49. f4 f5 50. Kf3 Re7 51. Rg8+ Kf6 52. Rf8+ Kg7 53. Rg8+
Kf6 54. Rf8+ Kg7 55. Rd8 Kf6 56. Rd7 Rxd7 57. cxd7 Be7 58. Ke2 Bd8 59. Kd3 Ke7
60. Kc4 Kxd7 61. Bf7 Ke7 62. Bxg6 Kf6 63. h5 Bb6 64. Be8 Bf2 65. Kd3 Bxg3 66.
Ke3 Bxf4+ 67. Kxf4 1/2-1/2

[Event "Litomysl 2008"]
[Site "?"]
[Date "2009.01.01"]
[Round "8.4"]
[White "Sergeev, Vladimir"]
[Black "Chojnacki, Krzysztof"]
[Result "0-1"]
[WhiteElo "2519"]
[BlackElo "2426"]
[PlyCount "136"]
[EventDate "2008.12.26"]

1. d4 Nf6 2. Nf3 g6 3. c3 Bg7 4. Bg5 O-O 5. Nbd2 d6 6. a4 c5 7. e3 b6 8. Bc4
Bb7 9. O-O Nbd7 10. Qb3 Qc7 11. Bh4 d5 12. Be2 e5 13. Bg3 Nh5 14. Bxe5 Nxe5 15.
Nxe5 Bxe5 16. dxe5 Qxe5 17. a5 Qe6 18. Bxh5 gxh5 19. Ra4 Qg6 20. Rf4 d4 21. Nf3
dxe3 22. fxe3 Qd3 23. Nh4 Bd5 24. Qd1 Qxd1 25. Rxd1 Be6 26. axb6 axb6 27. Rd6
b5 28. Nf3 Ra1+ 29. Kf2 Rb1 30. b4 Rc8 31. Rb6 cxb4 32. Rxb4 Rxb4 33. cxb4 Rc2+
34. Kg3 Bc4 35. Nh4 Bd3 36. e4 Rc3 37. Kf4 Rc4 38. Rb8+ Kg7 39. Nf5+ Kg6 40.
Nh4+ Kg7 41. Nf5+ Kg6 42. Ke3 Bb1 43. Rb6+ Kg5 44. Rxb5 Rxe4+ 45. Kd2 Rf4 46.
Ne3+ f5 47. Rb8 Rd4+ 48. Ke2 Bd3+ 49. Kf2 Be4 50. g3 Rd2+ 51. Kg1 Re2 52. Nc4
Rg2+ 53. Kf1 Rxh2 54. Rg8+ Kf6 55. Nd6 Rb2 56. Nxe4+ fxe4 57. Rb8 Kf5 58. b5
Kg4 59. b6 Kxg3 60. b7 Kh2 61. Ke1 e3 62. Kf1 h4 63. Rg8 Rxb7 64. Ke2 Re7 65.
Rg5 h3 66. Rg4 Re6 67. Rg7 Rg6 68. Rd7 Kg2 0-1

[Event "Litomysl 2008"]
[Site "?"]
[Date "2009.01.01"]
[Round "8.5"]
[White "Jedlicka, Ales"]
[Black "Petr, Martin"]
[Result "0-1"]
[WhiteElo "2287"]
[BlackElo "2452"]
[PlyCount "72"]
[EventDate "2008.12.26"]

1. Nf3 Nf6 2. c4 g6 3. Nc3 d5 4. cxd5 Nxd5 5. Qa4+ Bd7 6. Qh4 Nxc3 7. bxc3 c5
8. Ne5 Bg7 9. Nxd7 Nxd7 10. g3 Qa5 11. Bg2 Bxc3 12. Rb1 Qxa2 13. Qe4 Bb4 14.
O-O O-O 15. Rb2 Qe6 16. Qxb7 a5 17. Qc6 Qxc6 18. Bxc6 Ra7 19. d3 a4 20. Be3 Nb6
21. Rc2 Rc8 22. Bb5 Ra5 23. Bc4 Nxc4 24. Rxc4 Rb8 25. Bf4 Rb7 26. Be5 f6 27.
Ba1 a3 28. Rb1 a2 29. Rb2 Ra3 30. Kg2 Rba7 31. d4 Kf7 32. Rbc2 Rb3 33. dxc5 Rb1
34. Rc1 Bd2 35. Rf1 Rxf1 36. Kxf1 Rb7 0-1

[Event "Litomysl 2008"]
[Site "?"]
[Date "2009.01.01"]
[Round "8.6"]
[White "Manik, Mikulas"]
[Black "Cerveny, Martin"]
[Result "0-1"]
[WhiteElo "2448"]
[BlackElo "2320"]
[PlyCount "54"]
[EventDate "2008.12.26"]

1. e4 c5 2. Nf3 d6 3. d4 cxd4 4. Nxd4 Nf6 5. Nc3 a6 6. Bg5 e6 7. f4 Qc7 8. Bxf6
gxf6 9. Qd2 Nc6 10. O-O-O Bd7 11. Be2 h5 12. Rhf1 O-O-O 13. Rf3 Qb6 14. Nb3 Kb8
15. Qe1 Rc8 16. Kb1 Be7 17. Rh3 h4 18. Rxh4 Rxh4 19. Qxh4 f5 20. Qg3 fxe4 21.
Nxe4 Nb4 22. Bd3 f5 23. Ng5 a5 24. Re1 a4 25. Nd2 Bf6 26. Nc4 Rxc4 27. Bxc4 Nd3
0-1

[Event "Litomysl 2008"]
[Site "?"]
[Date "2009.01.01"]
[Round "8.7"]
[White "Kulhanek, Tomas"]
[Black "Kanovsky, David"]
[Result "0-1"]
[WhiteElo "2409"]
[BlackElo "2431"]
[PlyCount "84"]
[EventDate "2008.12.26"]

1. e4 e6 2. d4 d5 3. e5 c5 4. c3 Nc6 5. Nf3 Bd7 6. Be2 Rc8 7. O-O Nge7 8. Na3
cxd4 9. cxd4 Nf5 10. Nc2 Be7 11. g4 Nh4 12. Nxh4 Bxh4 13. f4 f6 14. exf6 Bxf6
15. g5 Be7 16. Bd3 g6 17. Be3 Bd6 18. h4 Ne7 19. h5 Qb6 20. Qe2 a6 21. a4 Kf7
22. Ne1 Nf5 23. Bxf5 exf5 24. Nd3 Rhe8 25. Ne5+ Bxe5 26. dxe5 d4 27. Rfd1 dxe3
28. Rxd7+ Re7 29. Rd6 Qb3 30. hxg6+ hxg6 31. Qh2 Rg8 32. Rc1 e2 33. e6+ Rxe6
34. Qh7+ Rg7 35. Rd7+ Ke8 36. Qh8+ Kxd7 37. Qxg7+ Kd6 38. Qc7+ Kd5 39. Qc5+ Ke4
40. Rc4+ Kf3 41. Rc3+ Kg4 42. Kh2 e1=Q 0-1

[Event "Litomysl 2008"]
[Site "?"]
[Date "2009.01.01"]
[Round "8.8"]
[White "Luch, Michal"]
[Black "Fuchs, Georg"]
[Result "1-0"]
[WhiteElo "2411"]
[BlackElo "2210"]
[PlyCount "63"]
[EventDate "2008.12.26"]

1. Nc3 e5 2. Nf3 Nc6 3. d4 exd4 4. Nxd4 Nf6 5. Bg5 Bc5 6. e3 O-O 7. Nd5 Bxd4 8.
exd4 Qe8+ 9. Ne3 Nd5 10. Be2 Nxe3 11. Bxe3 d5 12. Qd2 f5 13. Bf4 a5 14. O-O-O
Nb4 15. c3 Na6 16. Rde1 Qa4 17. Kb1 b5 18. Bf3 Bb7 19. Re7 Rae8 20. Rhe1 Rxe7
21. Rxe7 b4 22. Be5 Rf7 23. Rxf7 Kxf7 24. Qg5 g6 25. Qf6+ Ke8 26. Qh8+ Kd7 27.
Qxh7+ Kc8 28. Qg8+ Kd7 29. Qxg6 bxc3 30. Qxf5+ Kc6 31. Qe6+ Kb5 32. Be2+ 1-0